Livingstone's historical and statistical chart of California. (Record no. 51883)

MARC details
000 -LEADER
fixed length control field 00774cam a22002411 4500
001 - CONTROL NUMBER
control field rc 01000722
003 - CONTROL NUMBER IDENTIFIER
control field DLC
005 - DATE AND TIME OF LATEST TRANSACTION
control field 20260227111901.0
008 - FIXED-LENGTH DATA ELEMENTS--GENERAL INFORMATION
fixed length control field 871014s1885 cauac s 000 0 eng
010 ## - LIBRARY OF CONGRESS CONTROL NUMBER
LC control number rc 01000722
035 ## - SYSTEM CONTROL NUMBER
System control number (OCoLC)16851889
040 ## - CATALOGING SOURCE
Original cataloging agency DLC
Transcribing agency CLU
Modifying agency DLC
042 ## - AUTHENTICATION CODE
Authentication code premarc
050 00 - LIBRARY OF CONGRESS CALL NUMBER
Classification number F861
Item number .L78
100 1# - MAIN ENTRY--PERSONAL NAME
Personal name Livingstone, Rinaldo R.
245 00 - TITLE STATEMENT
Title Livingstone's historical and statistical chart of California.
260 ## - PUBLICATION, DISTRIBUTION, ETC.
Place of publication, distribution, etc. [San Francisco,
Date of publication, distribution, etc. 1885]
300 ## - PHYSICAL DESCRIPTION
Extent 1 p. l., 5 double l., 1 l.
Other physical details illus. (incl. ports.)
Dimensions 42 x 35 cm.
500 ## - GENERAL NOTE
General note Caption title.
500 ## - GENERAL NOTE
General note "Introduction" signed and dated: Rinaldo R. Livingstone. San Francisco, Cal., March 10, 1885.
651 #0 - SUBJECT ADDED ENTRY--GEOGRAPHIC NAME
Geographic name California
General subdivision History.
651 #0 - SUBJECT ADDED ENTRY--GEOGRAPHIC NAME
Geographic name California
Form subdivision Statistics.

No items available.

Powered by Koha